Visualizzazione normale
Vista MARC
- Vicastillo, Salvador
di Personal Name
Records bibliografici associati: 2
001 - CONTROL NUMBER
- control field: 39934
003 - CONTROL NUMBER IDENTIFIER
- control field: IT-RoINE
005 - DATE AND TIME OF LATEST TRANSACTION
- control field: 20171006082331.0
008 - FIXED-LENGTH DATA ELEMENTS
- fixed length control field: 171006|| aca||aabn | a|a d
040 ## - CATALOGING SOURCE
- Original cataloging agency: IT-RoINE
- Transcribing agency: IT-RoINE
100 ## - HEADING--PERSONAL NAME
- Personal name: Vicastillo, Salvador
670 ## - SOURCE DATA FOUND
- Source citation: Work cat.: (IT-RoINE)0: Tertuliano, Quinto Septimio Florente, ca. 160-ca. 230 7908, "Prescripciones" contra todas las herejías /, 2001.